Water Cycle Quiz - Statistics

General Stats
  • This quiz has been taken 131 times
  • The average score is 5 of 9
Answer Stats
Hint Answer % Correct
E Evaporation
95%
P Precipitation
90%
C Condensation
78%
T Transpiration
67%
R Runoff
55%
I Infiltration
37%
P Percolation
30%
I Interception
18%
S Storage
13%
No matching quizzes found
Score Distribution
Percent of People with Each Score
Percentile by Number Answered
Your Score History
You have not taken this quiz